| 000 | 00442nam a2200157Ia 4500 | ||
|---|---|---|---|
| 008 | 240729s9999 xx 000 0 und d | ||
| 022 | _a2240-256X | ||
| 245 | 0 | _aFarmeconomia: Health Economics and Therapeutic Pathways | |
| 260 | _aItaly | ||
| 260 | _bSEEd Medical Publishers | ||
| 650 | _a Medicine (General) | ||
| 650 | _aMedicine | ||
| 856 | _uhttps://doaj.org/toc/2e32bee560984d23a6d73d16c678f66e | ||
| 942 | _2ddc | ||
| 942 | _cDOAJEJ | ||
| 999 |
_c66746 _d66746 |
||
| 945 |
_a1 _bMadushi Gamage _c1 _dMadushi Gamage |
||